000 00269nam a2200121Ia 4500
008 211105s9999 xx 000 0 und d
020 _aVYASA10872
100 _aGanapati S. V.
245 0 _aSama Veda
250 _a\N
260 _bMotilal banarsidass
_c\N
300 _a430p.
999 _c396
_d396